000 00494nam a2200205Ia 4500
008 210210b2019 xxu||||| |||| 00| 0 eng d
020 _a9789353675189
041 _aeng
082 _a657.46 SAHB
100 _aSAHA (R G)
245 _aBusiness taxation-III 2019-20
260 _aMumbai
_bHimalaya Publishing House
_c2019
300 _a206
650 _ataxation-III
650 _aBusiness
650 _a2019-20
690 _aIncome Tax
700 _aDEVI (Usha N)
906 _a073408
999 _c123256
_d123256